000 02028cam a2200385 i 4500
001 16976181
003 OSt
005 20240714115043.0
008 110926s2012 nyua b 001 0 eng
010 _a 2011039477
020 _a9781559393874 (alk. paper)
020 _a1559393874 (alk. paper)
040 _aDLC
_cDLC
_dDLC
041 1 _aeng
_htib
042 _apcc
050 0 0 _aBQ4860.Y33
_bR63 2012
082 0 0 _a294.3/420423
_223
245 0 4 _aThe roar of thunder :
_bYamantaka practice and commentary /
_cNgulchu Dharmabhadra and the Fifth Ling Rinpoche, Losang Lungtog Tenzin Trinley ; translated by David Gonsalez.
264 _aIthaca, N.Y. :
_bSnow Lion Publications,
_cc2012.
300 _aviii, 359 pages :
_bill. (chiefly col.) ;
_c24 cm.
336 _2rdacontent
_atext
_btxt
337 _2rdamedia
_aunmediated
_bn
338 _2rdacarrier
_avolume
_bnc
504 _aIncludes bibliographical references (p. [345]-346) and index.
546 _aTranslated from Tibetan.
650 0 _aYamāntaka (Buddhist deity)
_xCult.
650 0 _aDge-lugs-pa (Sect)
_xRituals.
700 1 _aGonsalez, David,
_d1964-2014.
700 0 2 _aDngul-chu Dharmabhadra,
_d1772-1851.
_tDpal Rdo-rje-ʼjigs-byed lha bcu gsum maʼi bskyed rim gyi zin bris draṅ sroṅ bla maʼi źal luṅ.
_lEnglish.
700 0 2 _aDngul-chu Dharmabhadra,
_d1772-1851.
_tDpal Rdo-rje-ʼjigs-byed kyi rim pa gñis paʼi lam ji ltar bgrod paʼi tshul gyi zin bris gsaṅ chen myur lam.
_lEnglish.
700 0 2 _aBlo-bzang-lung-rtogs-bstan-ʾdzin-ʾphrin-las,
_d1856-1902.
_tDpal Rdo-rje-ʼjigs-byed Dpaʼ-bo-gcig-paʼi rim pa gñis kyi rnam par bśad pa dṅos grub nor buʼi mdzod kyi sgo brgya legs par ʼbyed paʼi legs bśad rin chen gser gyi lde mig.
_lEnglish.
906 _a7
_bcbc
_corignew
_d1
_eecip
_f20
_gy-gencatlg
942 _2LCS
_cRESTRICTED
_n0
999 _c2290
_d2290